| 000 | 00786nam a22002415a 4500 | ||
|---|---|---|---|
| 999 |
_c27528 _d27499 |
||
| 003 | EG-ScBUE | ||
| 005 | 20190611114704.0 | ||
| 008 | 190611s2017 ua gr 000 0 ara d | ||
| 017 | _a2017 / 5593 | ||
| 040 |
_aEG-ScBUE _bara _cEG-ScBUE _dEG-ScBUE |
||
| 082 | 0 | 4 |
_a297.272 _bج م ع _222 |
| 100 | 1 | _aجمعة، محمد مختار. | |
| 245 | 1 | 2 |
_aالدين والدولة / _cمحمد مختار جمعة. |
| 250 | _aط. 2، مزيدة ومنقحة. | ||
| 260 |
_aالقاهرة : _bوزارة الأوقاف، _c2017. |
||
| 300 |
_a146 ص. ؛ _c24 سم. |
||
| 541 |
_aMr. Samy El-Masry ; _cDonation ; |
||
| 650 | 7 |
_aالإسلام والسياسة. _2BUEsh |
|
| 650 | 7 |
_aالدين والدولة. _2BUEsh |
|
| 651 | _2BUEsh | ||
| 653 |
_bGGEN _cJune2019 |
||
| 942 | _2ddc | ||